000 01030cam a2200301 4500
001 1746759
003 OSt
005 20140310182055.0
008 711215m19711972mau 000 0 eng
010 _a 75178049
020 _a0807005274 (pbk) (v. 4)
040 _aDLC
_cDLC
_dDLC
043 _an-us---
_aa-vt---
050 0 0 _aE 183.8.V5
_b.P42 1968 vol.4
082 0 0 _aHS 327.730597
_bD36 197
245 0 4 _aThe Pentagon Papers:
_b.the Defense Department history of United States decisionmaking on Vietnam /
250 _aThe Senator Gravel ed.
260 _aBoston :
_bBeacon Press,
_cc1968.
300 _a687 p. :
_c23 cm.
650 0 _aVietnam War, 1961-1975.
_912329
651 0 _aUnited States
_xForeign relations
_zVietnam.
_912330
651 0 _aVietnam
_xForeign relations
_zUnited States.
_912331
651 0 _aVietnam
_xPolitics and government
_y1945-1975.
_912332
710 1 _aUnited States.
_bDept. of Defense.
_912333
906 _a7
_bcbc
_corignew
_d2
_encip
_f19
_gy-gencatlg
942 _2lcc
_cHS
999 _c9070
_d9070